| 000 | 00542nam a22001937a 4500 | ||
|---|---|---|---|
| 005 | 20260407142812.0 | ||
| 008 | 260407b |||||||| |||| 00| 0 eng d | ||
| 020 | _a(pbk) | ||
| 040 | _cUE-CL | ||
| 082 |
_a812.52 _bW6452 |
||
| 100 | _aWilder thornton | ||
| 245 |
_aOur town the skin of our teeth the matchmaker _c/ Thornton wilder |
||
| 260 |
_aEngland: _bPenguin books, _c1938 |
||
| 300 | _a280 P. | ||
| 505 | _aOur town The skin of our teeth The matchmaker | ||
| 546 | _aEnglish | ||
| 650 | _aSkin--Teeth--Matchmaker | ||
| 942 | _cBK | ||
| 999 |
_c25954 _d25953 |
||